LEADER 01386nam a2200277 i 4500 001 000000222709 003 CaOOAMICUS 005 20130924000000.0 008 130924s1960 it u000 u ita u 013 $a201606 040 $aSeMil$bita 100 0 $aPaulus VI,$c.$0(OLS)http://semarc/name/803 245 10$aUniversitari e vita religiosa :$bdiscorso tenuto al 35. Congresso Nazionale della F.U.C.I Federazione Universitaria Cattolica Italiana, a Torino il 1. settembre 1959 /$cCard. G. B. Montini. 260 $aMilano :$b[s.n.],$c1960. 300 $a31 p. ;$c23 cm. 650 4$aMontini, Giovanni Battista <1897-1978> - Scritti e discorsi.$0(OLS)http://semarc/subject/9813 710 2 $aFUCI .$0(OLS)http://semarc/name/61803 850 $aSeMil 852 $aSeMil$W1$xVenegono$y1$m5A XII 2/62$j173055$B173055$CSeMilBibl$Z2$F183354 $81 900 1 $aMontini, Giovanni Battista,$d<1897-1978>. 900 0 $aPaolo VI$c. 961 $aOmaggio: Altro 996 $6245$aUniversitari e vita religiosa :$bdiscorso tenuto al 35. Congresso Nazionale della F.U.C.I Federazione Universitaria Cattolica Italiana, a Torino il 1. settembre 1959$9(OLS)http://semarc/title/319297 996 $6260$aMilano :$b[s.n.]$9(OLS)http://semarc/publisher/29709 LEADER 01142nam a2200253 i 4500 001 000000113401 003 CaOOAMICUS 005 20041108000000.0 008 041108s2004 it u000 u ita u 013 $a86087 020 $a88-209-7630-7 040 $aSeMil$bita 245 10$aCompendio della dottrina sociale della chiesa. 260 $aCittą del Vaticano :$bLibreria Editrice Vaticana,$c2004. 300 $aXVI, 519 p. ;$c21 cm. 500 $aIn testa al front. : Pontificio Consiglio della Giustizia e della Pace. 650 4$aChiesa cattolica - Dottrina Sociale - Enciclopedie e dizionari.$0(OLS)http://semarc/subject/998 650 4$aChiesa cattolica - Dottrina Sociale - Documenti.$0(OLS)http://semarc/subject/644 850 $aSeMil 852 $aSeMil$W1$xVenegono$y1$mSL1.X VII 5$j69096$B69096$CSeMilBibl$Z2$F88963 $8I 961 $aOmaggio: Monti don Eros 996 $6020$a88-209-7630-7$9(OLS)http://semarc/number/96343 996 $6245$aCompendio della dottrina sociale della chiesa$9(OLS)http://semarc/title/165552 996 $6260$aCittą del Vaticano :$bLibreria Editrice Vaticana$9(OLS)http://semarc/publisher/29734